| 000 | 00979 a2200217 4500 | ||
|---|---|---|---|
| 001 | 45839 | ||
| 005 | 20260407155730.0 | ||
| 008 | 260407a1969 arg spa d | ||
| 003 | AR-UNSa-BCEJYS | ||
| 040 |
_aAR-UNSa-BCEJYS _bspa _cAR-UNSa-BCEJYS |
||
| 080 |
_a330.101.542 _xMicroeconomía |
||
| 245 | 1 | 0 | _aMicroeconomía |
| 264 | 1 |
_aBuenos Aires : _bAmorrortu Editores _c1969 |
|
| 300 |
_axiv, 445 p. _c23 cm. |
||
| 505 | _aParte I: Introducción: 1. Naturaleza y función de la teoría económica – Parte II: Estática microeconómica competitiva: 2. Consumo – 3. Intercambio competitivo – 4. Producción – 5. Equilibrio general competitivo – 6. Nueva economía del bienestar – Parte III: Monopolio y competencia imperfecta: 7. Monopolio – 8. Competencia imperfecta – 9. Teoría de los juegos – | ||
| 942 | _cBK | ||
| 590 | _aniveau_biblio:m niveau_hierar:0 | ||
| 100 | 1 | _aBoop, Roberto | |
| 700 | 1 | _aVickery, William | |
| 700 | 1 | _aFernández López, Manuel | |
| 999 |
_c4021 _d4021 |
||